01192 2200373 4500001002100000005001500021035002000036007000300056008004100059020002200100082001400122084001600136100002700152245015100179250003200330300004600362500001100408650002100419700002800440700003000468700002800498700002600526700002800552264003200580336002100612337003000633338002300663040002200686090002200708850001200730504003200742999002200774990002200796INLIS00000000089758620250702012506 a0010-0725000164ta250702s2025 yoia g 1 ind d a978-634-01-0298-704223a632.7 a632.7 SHA h0 aShahabuddinePengarang10aHama invasif pada tanaman jagung dan strategi pengendaliannya /cShahabuddin, Alam Anshary, Mohammad Yunus, Flora Pasaru, Hasriyanty, Nur Khasanah aCetakan pertama, Maret 2025 axiv, 92 halaman :bgambar, tabel ;c23 cm aIndeks 4aHama, pembasmian0 aAlam AnsharyePengarang0 aMohammad YunusePengarang0 aFlora PasaruePengarang0 aHasriyantyePengarang0 aNur KhasanahePengarang31aSleman :bDeepublish,c2025 2rdacontentateks 2rdamediaatanpa perantara 2rdacarrieravolume aYOPDYOGbinderda aCB-D.11 2025-1677 aYOPDYOG aBibliografi : halaman 68-83 aCB-D.11/2025-1677 aCB-D.11/2025-1677